Score 0/20 Timer 04:00
0 Plays Today
Hint Answer % Correct
The Brady ____Bunch
97.5%
Boy ____ WorldMeets
96.1%
____ the Boss?Who's
94.9%
My _____ and KidsWife
92.5%
Growing ____Pains
91.2%
The _____ CoupleOdd
89.4%
Full _____House
89.3%
The _____ Carey ShowDrew
88.8%
Cougar ____Town
87.7%
Diff'rent _____Strokes
86.1%
Hint Answer % Correct
Dharma & _____Greg
83.9%
_____ CompanyThree's
83.7%
_____ FamilyModern
82.6%
____ EndingsHappy
82.4%
Spin ____City
80.4%
According to _____Jim
69.9%
Home ____Improvement
66.2%
Family ____Matters
64.2%
____ Under FireGrace
63.5%
McHale's ____Navy
60.2%

Today's Daily Dose

You're not logged in!

Compare scores with friends on all Sporcle quizzes.
OR
Log In

Sporcle TV

Today on Sporcle TV


Watch our educational content, quiz creation guides, and fun videos on Sporcle TV.

Show Comments

Extras

Top Quizzes Today


Score Distribution

Paid Content

Your Account Isn't Verified!

In order to create a playlist on Sporcle, you need to verify the email address you used during registration. Go to your Sporcle Settings to finish the process.

Report this User

Report this user for behavior that violates our Community Guidelines.

Details: